000 00910nam a2200265 a 4500
008
020 _a0751717061 (pbk. )
049 _aMAIN
090 _aHG4026 ASS
245 0 0 _aACCA Diploma in Financial Management, Practice and Revision Kit Module B, Subject Area 3 :
_bFinancial Strategy /
_cAssociation of Chartered Certified Accountants.
250 _a1st ed.
260 _aLondon :
_bBPP Publishing,
_c2001.
300 _axiv, 168 p. ;
_c30 cm.
440 _aBPP Publishing Books.
500 _a"For exams in 2002."
650 0 _aCapital markets.
650 0 _aDecision making, Investment.
650 0 _aFinancial Strategy
_vProblems, exercises, etc.
710 2 _aAssociation of Chartered Certified Accountants.
907 _a.b10243501
_b10-05-07
_c09-05-07
003
005 20230123134443.0
040 _cNUST
942 _cBOOKS
_kHG4026 ASS
999 _c166180
_d166180